000
00282nam a22001337a 4500
008
181016b xxu||||| |||| 00| 0 eng d
020
_a
0669386332
041
_a
eng
080
_a
371
100
_a
46
101
_a
EDU
245
_a
Writers Express
_c
Krenzke,Ch
942
_2
udc
_c
BK
999
_c
49900
_d
49900